| Tag |
First Indicator |
Second Indicator |
Subfields |
| LEADER |
00000cam a2200000Ia 4500 |
| 001 |
in00002000892 |
| 005 |
20151031124842.0 |
| 008 |
950905e197808 maua t 000 0 eng d |
| 035 |
|
|
|a (OCoLC)ocm33082404
|
| 040 |
|
|
|a MBW
|c MBW
|d TXA
|d UtOrBLW
|
| 049 |
|
|
|a TXAM
|
| 090 |
|
|
|a GC1
|b .W582 no. 78-83
|
| 100 |
1 |
|
|a Limeburner, R.
|
| 245 |
1 |
0 |
|a Hydrographic station data obtained in the vicinity of Georges Bank, May and August, 1976 /
|c by R. Limeburner, J.A. Vermersch, and R.C. Beardsley.
|
| 264 |
|
1 |
|a Woods Hole, Mass. :
|b Woods Hole Oceanographic Institution,
|c [1978]
|
| 300 |
|
|
|a 116 pages :
|b illustrations ;
|c 29 cm.
|
| 336 |
|
|
|a text
|b txt
|2 rdacontent
|
| 337 |
|
|
|a unmediated
|b n
|2 rdamedia
|
| 338 |
|
|
|a volume
|b nc
|2 rdacarrier
|
| 490 |
1 |
|
|a WHOI ;
|v 78-83.
|a Technical report
|
| 536 |
|
|
|a Sponsored by the U.S. Geological Survey; National Science Foundation
|b 14-08-0001-15615
|c OCE 76-01813.
|
| 500 |
|
|
|a "August 1978."
|
| 650 |
|
0 |
|a Hydrography
|z Georges Bank.
|
| 650 |
|
7 |
|a Hydrography.
|2 asft
|
| 653 |
|
|
|a Georges Bank.
|
| 653 |
|
|
|a Gulf of Maine.
|
| 700 |
1 |
|
|a Vermersch, J. A.
|
| 700 |
1 |
|
|a Beardsley, R. C.
|
| 710 |
2 |
|
|a Woods Hole Oceanographic Institution.
|
| 830 |
|
0 |
|a Woods Hole Oceanographic Institution (Series) ;
|v no. 78-83.
|
| 830 |
|
0 |
|a Technical report (Woods Hole Oceanographic Institution)
|
| 948 |
|
|
|a cataloged
|b h
|c 2004/10/22
|d c
|e mphillip
|f 6:20:58 pm
|
| 994 |
|
|
|a E0
|b TXA
|
| 999 |
|
|
|a MARS
|
| 999 |
f |
f |
|s 84642991-fbf0-3ec5-ba7b-0c9ce9505909
|i 457f6ef1-5582-34d5-89b3-b4d367c0750b
|t 0
|
| 952 |
f |
f |
|p ric
|a Texas A&M University
|b Rellis Campus
|c Joint Library Facility
|d Remote Storage
|t 0
|e GC1 .W582 no.78-83
|h Library of Congress classification
|i unmediated -- volume
|m A14832233466
|
| 998 |
f |
f |
|a GC1 .W582 no.78-83
|t 0
|l Remote Storage
|